00475nam a2200169 a 450000100060000000300090000600800410001502000150005604000280007108200160009910000230011524500420013826000450018030000160022565000340024165000300027510834CO-ViMGA141112s2004 ck r 000 u spa d a0847702227 aCO-ViMGAbspacCO-ViMGA04a928.61 N37r1 aReyes ; Bernardo, 10aRetrato de Familia Neruda 1904 - 1920 aPuerto Rico : bDolmen Ediciones, c1997 a226p. : il.14aAUTORES CHILENOS - BIOGRAFIAS14aNERUDA, PABLO 1904 - 1973